000 00784nam a22002777a 4500
003 CHAP
005 20220329141557.0
008 971013s1971 r 00010 d
010 _a70414
011 _a71386
035 _a80940
040 _cCHAP
082 _a001.61
_bC4
100 0 0 _aChapin, Ned.
_921896
245 _aFlowcharts
260 _aPrincenton, :
_bAuerbach,
_c1971
300 _a179 p.
590 _aBATCH-UPD
_b10
_c20130110
_lUCH01
_h0458
590 _aBATCH-UPD
_b10
_c20130410
_lUCH01
_h0136
590 _aBATCH-UPD
_b10
_c20130914
_lUCH01
_h0351
590 _aCONVERSION
_b10
_c20130109
_lUCH01
_h1339
650 1 4 _aAnĂ¡lisis de sistemas.
_95976
901 _aBK
942 _cLIBRO
949 _a001.61 C4
_bBC
_cLIBRO
_d33724000229571
_eLIBRO
_h1200
_i80940
_si
_t135.00
999 _c70414
_d70414